000 00563nam a2200181Ia 4500
008 090124s9999 xx 000 0 und d
082 _b112568
100 _aबाबर सरोजीनी
245 _a भूक लाडू तहान लाडू
250 _a1
260 _c1968
300 _a63
600 _aबाबर सरोजीनी
630 _a भूक लाडू तहान लाडू
700 _aबाबर सरोजीनी
730 _a भूक लाडू तहान लाडू
942 _cBOOK
999 _c158659
_d158659